000 00340nmm a2200145 a 4500
003 AR-BaBNM
005 20251128202651.0
008 013119s1908 ||||||||||||||000 | spa||
040 _cAR-BaBNM
100 1 _aBoutroux, Emile
_d1845-1921
245 1 0 _aScience et religion
260 _aParis
_bFlammarion
_c1908
942 _cBK
998 _cJacobzon
999 _c46
_d46